[Event "World Team-ch Open 2019"]
[Site "Astana"]
[Date "2019.03.12"]
[Round "7.20"]
[White "Firouzja, Alireza"]
[Black "Kostenko, Petr"]
[Result "1-0"]
[WhiteElo "2657"]
[BlackElo "2466"]
[Annotator "TA"]
[PlyCount "61"]
[EventDate "2019.02.05"]
[EventType "team-tourn"]
[EventCountry "KAZ"]
[SourceTitle "playchess.com"]
[Source "ChessBase"]
[SourceQuality "1"]
[WhiteTeam "Iran"]
[BlackTeam "Kazakhstan"]
[WhiteTeamCountry "IRI"]
[BlackTeamCountry "KAZ"]

{[%evp 16,61,14,0,6,0,9,14,35,36,29,13,6,18,9,7,54,52,32,50,50,51,51,49,51,57,48,45,111,94,103,89,248,257,244,233,380,347,1054,1044,912,912,1427,1289,1465,1410,1233,1183]} 1. e4 e6 2. d4 d5 3. Nc3 Nf6 4. e5 Nfd7 5. f4 c5 6. Nf3 Nc6 7. Be3 a6 8. Qd2 b5 9. Bd3 Qb6 {[%cal Rc5d4] C11: French: Classical System: 4 e5 and 4 Bg5 dxe4} 10. Qf2 cxd4 11. Nxd4 Nxd4 {The position is equal.} (11... Bc5 {with more complications.} 12. Nce2 f6 13. exf6 Nxf6 14. Nf5 Bxe3 15. Qxe3 Qxe3 16. Nxe3 O-O) 12. Bxd4 Bc5 13. Bxc5 Nxc5 14. b4 {[#]} Nxd3+ $146 ({Predecessor:} 14... Nd7 15. a4 Qc7 16. Qd4 bxa4 17. Nxa4 {½-½ (88) Solodovnichenko,Y (2531)-Sumets,A (2575) Cesme 2018}) 15. cxd3 d4 16. Ne4 $36 {[%cal Bc3e4,Be4d6,Bd6f5,Bf5e7][%mdl 2080] White fights for an advantage.} O-O $1 17. O-O Bb7 18. Nd6 Bd5 19. f5 exf5 20. Nxf5 Rfe8 21. Rae1 Qg6 {[#]} (21... a5 $14) 22. Re2 $1 $16 Rad8 23. Qxd4 f6 $2 (23... h6 $16) 24. Qb6 $18 {Hoping for Ne7+!} Kh8 {[#]} 25. Ne7 $1 {[%mdl 512]} Qf7 (25... Qxd3 {is a better defense.} 26. exf6 Rf8 27. fxg7+ {[%mdl 64] Discovered Attack} Kxg7 28. Nf5+ Rxf5 29. Rxf5 Qxf5) (25... Rxe7 26. Qxd8+) 26. exf6 Ba8 $2 (26... Rf8 27. Qxa6 gxf6 28. Qxb5 Bxa2) 27. fxg7+ {[%mdl 64] Overworked Piece. White is clearly winning.} Qxg7 28. Nf5 Qg5 {[#]} 29. Qd4+ $1 {[%mdl 512]} Kg8 {[#]} (29... Rxd4 30. Rxe8+) 30. Ne7+ $1 {[%mdl 512]} Qxe7 (30... Rxe7 31. Qxd8+) 31. Rxe7 {Accuracy: White = 82%, Black = 23%.} 1-0

[Event "World Team-ch Open 2019"]
[Site "Astana"]
[Date "2019.03.14"]
[Round "9.1"]
[White "Karjakin, Sergey"]
[Black "Adhiban, B.."]
[Result "1/2-1/2"]
[WhiteElo "2753"]
[BlackElo "2683"]
[Annotator "TA"]
[PlyCount "77"]
[EventDate "2019.02.05"]
[EventType "team-tourn"]
[EventCountry "KAZ"]
[SourceTitle "playchess.com"]
[Source "ChessBase"]
[SourceQuality "1"]
[WhiteTeam "Russia"]
[BlackTeam "India"]
[WhiteTeamCountry "RUS"]
[BlackTeamCountry "IND"]

{[%evp 9,77,19,13,10,18,0,22,22,29,28,19,27,25,25,25,24,18,25,18,18,26,29,35,50,47,35,41,49,55,3,18,5,11,0,0,0,8,0,18,22,14,14,14,14,14,15,86,89,79,75,71,68,75,80,81,52,52,52,60,22,22,21,22,22,22,0,0,0,0,0]} 1. e4 c6 2. d4 d5 3. e5 c5 4. dxc5 e6 5. Nf3 Bxc5 6. Bd3 {B12: Caro-Kann: Advance Variation} (6. a3 Ne7 7. Bd3 Ng6 8. O-O O-O 9. Nbd2 Nc6 10. b4 Bb6 11. Bxg6 fxg6 12. Nb3 Bd7 13. Re1 {1-0 (29) Anand,V (2773)-Mamedyarov,S (2817) Wijk aan Zee 2019}) 6... Nc6 7. a3 Nge7 (7... Qc7 {with more complications.} 8. Bf4 Nge7 9. Bg3 O-O 10. Nc3 Ng6) 8. b4 Bb6 9. O-O Ng6 10. Bb2 O-O 11. Re1 f6 12. exf6 gxf6 13. c4 dxc4 14. Bxc4 Qxd1 15. Rxd1 Kg7 $146 16. Nc3 e5 17. Nd5 Bg4 18. Nxb6 axb6 19. Bd5 ({White should try} 19. h3 $14 Bxf3 20. Rd7+ (20. gxf3 Rfd8 $11) 20... Kh8 21. gxf3) 19... Rfd8 20. Be4 Nge7 21. Rxd8 Rxd8 22. Nh4 Be6 23. Rc1 Bd5 24. Nf5+ Nxf5 25. Bxf5 Bc4 26. f4 Nd4 27. Bg4 Be2 (27... b5 $11 {keeps the balance.}) 28. Rc8 $16 Rd5 29. Rc7+ Kg6 30. Rd7 Rxd7 31. Bxd7 Bb5 32. Bxd4 (32. Bxb5 {feels hotter.} Nxb5 33. fxe5 fxe5 34. a4 Na7 35. Bxe5 b5 36. axb5 Nxb5 37. Kf2) 32... Bxd7 33. fxe5 fxe5 34. Bxb6 {KB-KB} Kf5 {The position is equal.} 35. Kf2 Kf4 36. Ke2 Bb5+ 37. Kd2 Bc6 38. g3+ Kf3 39. Bc7 {Accuracy: White = 62%, Black = 59%.} 1/2-1/2

[Event "World Team-ch Open 2019"]
[Site "Astana"]
[Date "2019.03.14"]
[Round "9.2"]
[White "Ganguly, Surya Shekhar"]
[Black "Nepomniachtchi, Ian"]
[Result "1/2-1/2"]
[WhiteElo "2633"]
[BlackElo "2771"]
[Annotator "TA"]
[PlyCount "121"]
[EventDate "2019.02.05"]
[EventType "team-tourn"]
[EventCountry "KAZ"]
[SourceTitle "playchess.com"]
[Source "ChessBase"]
[SourceQuality "1"]
[WhiteTeam "India"]
[BlackTeam "Russia"]
[WhiteTeamCountry "IND"]
[BlackTeamCountry "RUS"]

{[%evp 11,121,12,19,0,60,59,141,79,66,97,92,72,85,69,93,79,126,125,117,119,127,120,147,25,23,25,17,18,23,23,23,22,22,18,197,201,202,215,214,216,206,202,195,0,199,198,176,179,177,208,202,212,200,198,218,224,212,210,212,0,203,0,213,210,194,211,202,194,210,0,0,0,212,204,209,191,208,186,199,202,192,175,177,180,171,172,212,131,128,87,127,66,64,0,87,0,53,39,32,36,49,42,50,27,22,24,34,0,0,0,31,0]} 1. Nf3 c5 2. c4 Nc6 3. d4 cxd4 4. Nxd4 Nf6 5. Nc3 e6 6. g3 Qb6 7. Ndb5 {A33: Symmetrical English: 2 Nf3 Nf6 3 d4 cxd4 4 Nxd4 e6 5 Nc3 Nc6} (7. Nc2 Bc5 8. e3 d5 9. cxd5 Nxd5 10. Nxd5 exd5 11. Bg2 O-O 12. O-O Rd8 13. a3 Be7 14. b4 Bf6 15. Rb1 {0-1 (25) Wei,Y (2729)-So,W (2780) chess.com INT 2018}) 7... Ng4 ({Black should try} 7... Ne5 $11) 8. e3 $14 Nge5 $146 ({Better is} 8... Nf6 $14) ({Predecessor:} 8... h5 9. Bg2 Nce5 10. Qe2 a6 11. Nd4 Qc7 12. b3 d5 13. h3 Nf6 14. f4 Ned7 {1-0 (48) Agrest,E (2588)-Ortiz Suarez,I (2517) Ourense 2009}) 9. Nd6+ (9. f4 $142) 9... Bxd6 $16 10. Qxd6 Qb4 11. Qxb4 Nxb4 12. f4 $1 {[%cal Rf4e5]} Ned3+ 13. Ke2 $1 d5 14. a3 Nc2 15. Rb1 $1 dxc4 16. Bg2 a5 {[%cal Ba7a5,Ba5b4][%mdl 32]} 17. Be4 (17. b3 $16) 17... Bd7 $11 18. Bxd3 cxd3+ 19. Kxd3 Nb4+ $1 20. axb4 axb4 21. Nd1 Bb5+ 22. Kd4 O-O-O+ $2 (22... O-O $11 {and Black is okay.} 23. Nf2 Rfd8+ 24. Kc5 {[%mdl 64] Double Attack} Bc6) 23. Kc5 $18 {[%mdl 64] Double Attack} Be2 24. Nf2 Rd5+ 25. Kxb4 Rb5+ 26. Kc3 Rc5+ 27. Kb4 Rb5+ 28. Ka4 $1 Kc7 {[%cal Rh8a8]} 29. b4 {And now Kb3 would win.} Bc4 {[%cal Rh8a8]} 30. Ka3 Bd5 {Strongly threatening ...Ra8+.} 31. Rf1 $1 Ra8+ 32. Kb2 Ba2 33. Ra1 Rxb4+ 34. Kc3 Rc4+ 35. Kb2 Rb4+ 36. Kc3 Rc4+ 37. Kd2 Rd8+ 38. Ke1 Rc2 39. Ng4 $1 Rg2 {[#]} 40. Rf2 $2 ({Only move:} 40. Nf2 $1 $18 Bc4 41. Rh1) 40... Rg1+ $11 41. Rf1 $2 (41. Ke2 $11 Bb3 42. Bb2 Rxa1 43. Bxa1 Bd1+ 44. Kf1 Bxg4 45. Rc2+ Kd7 46. Bxg7) 41... Rg2 $1 $18 {[#] intending ...Bc4.} 42. Nf2 $1 Bc4 43. Rh1 b5 44. Bb2 f6 {If Black can now play ...Rxf2 this consolidates a bit.} 45. Bd4 h5 46. Rd1 Kb7 {and if ...e5 works, Black does fine.} 47. Rc1 h4 48. gxh4 Rd5 49. h5 Rxh5 50. Ne4 Rd5 {With the idea ...Re2+.} 51. Nc3 (51. Nc5+ $16 Kb8 52. Na6+ (52. Nxe6 Re2+ 53. Kd1 Rxe3 $14) 52... Kb7 53. Nb4 Re2+ 54. Kd1) 51... Rh5 $14 52. Ne4 Rd5 $1 {next ...Re2+ is good for Black.} 53. Nc3 Rh5 54. Rd1 {Threatens to win with Rd2.} e5 55. fxe5 fxe5 56. Bc5 {Black must now prevent Rd2.} Kc6 57. Bb4 {Rd2 is the strong threat.} Rb2 58. Rb1 Rg2 59. Rd1 {aiming for Rd6+.} Rb2 $1 {[%cal Rb2b4]} 60. Rb1 Rg2 61. Rd1 {Accuracy: White = 55%, Black = 72%.} 1/2-1/2

[Event "World Team-ch Open 2019"]
[Site "Astana"]
[Date "2019.03.14"]
[Round "9.3"]
[White "Grischuk, Alexander"]
[Black "Sethuraman, S.P."]
[Result "1-0"]
[WhiteElo "2771"]
[BlackElo "2637"]
[Annotator "TA"]
[PlyCount "169"]
[EventDate "2019.02.05"]
[EventType "team-tourn"]
[EventCountry "KAZ"]
[SourceTitle "playchess.com"]
[Source "ChessBase"]
[SourceQuality "1"]
[WhiteTeam "Russia"]
[BlackTeam "India"]
[WhiteTeamCountry "RUS"]
[BlackTeamCountry "IND"]

{[%evp 12,169,14,6,18,26,20,16,17,23,25,20,22,29,51,51,70,52,58,58,58,56,62,50,53,47,52,49,70,45,44,41,66,78,70,72,72,72,72,72,72,72,90,79,92,92,92,92,92,75,92,75,92,75,92,70,92,66,85,62,62,62,62,63,64,64,64,58,56,0,64,64,64,50,64,56,64,64,64,43,64,65,66,57,67,56,70,70,75,62,87,74,72,42,42,42,42,14,14,0,0,0,0,0,85,84,84,54,61,57,305,304,293,295,295,293,270,158,159,163,242,242,242,235,371,368,353,346,371,335,583,566,566,566,1848,1848,1848,1848,1848,1841,1841,1841,1841,1841,1833,1826,1819,1819,1812,1797,1797,1797,1797,1790,1790,1783,1772,1735,8323,4448]} 1. d4 Nf6 2. c4 e6 3. Nf3 d5 4. Nc3 Bb4 5. cxd5 exd5 6. Bg5 h6 7. Bh4 O-O {D38: Queen's Gambit Declined: Ragozin Defence (4 Nf3 Bb4)} 8. e3 Bf5 9. Qb3 Bxc3+ {The position is equal.} 10. Qxc3 g5 11. Bg3 Ne4 12. Qxc7 Qxc7 $146 ({Predecessor:} 12... Nc6 13. Qxd8 Rfxd8 14. Be2 Rac8 15. O-O h5 16. h4 g4 17. Ne5 Nb4 18. Bf4 f6 19. Nd3 Nc3 20. bxc3 {½-½ (20) Ding,L (2774)-Aronian,L (2801) Palma de Mallorca 2017}) 13. Bxc7 Nc6 14. Bb5 Rfc8 15. Bxc6 $1 bxc6 16. Ba5 Rab8 17. b4 Nd6 18. Nd2 Nb7 19. Nb3 Bc2 20. Nc5 (20. Kd2 $5 {[%cal Rd2c2]} Be4 21. f3 $14) 20... Nxc5 21. dxc5 Re8 22. a4 Bf5 23. O-O-O Re4 24. Rd4 Rxd4 25. exd4 $16 {[%mdl 4096] Endgame KRB-KRB} Bd7 26. Kd2 Re8 27. Bc7 f6 28. f3 a6 29. g4 Kg7 30. Rc1 Re6 31. h3 Kf7 32. Bg3 Be8 33. Bf2 Bd7 34. Be3 Kg7 35. f4 gxf4 36. Bxf4 Kg6 37. Be3 Kg7 38. Ke2 Kg6 39. Kf2 Be8 40. Ke2 Bd7 $1 41. Kf3 Be8 42. Kf2 Bd7 43. Ke2 Be8 44. Kd3 Bd7 45. Bd2 Kg7 46. Bf4 Kg6 47. Bg3 Kg5 48. Be1 Be8 49. Bd2+ Kg6 50. Rf1 Kg7 51. h4 Bd7 52. g5 fxg5 53. hxg5 h5 $1 54. Bf4 Kg6 55. Be5 Be8 56. Ke3 Kxg5 57. Rg1+ Kh6 (57... Kf5 $11) 58. Rg8 Re7 59. Kf4 {Hoping for Kf5.} Rf7+ 60. Kg3 $1 Re7 $2 (60... Bd7 $14) 61. Kh4 $18 Re6 62. Rh8+ Kg6 63. Rxh5 Re7 {[#]} 64. Rg5+ (64. Rh8 $1 $18) 64... Kf7 $16 65. Kg4 Ke6 {[#]} (65... Bd7+ $142 66. Kf4 Be8) 66. Rg8 $1 $18 Kf7 67. Rh8 Kg6 (67... Bd7+ $142 68. Kf3 Re8 69. Rh7+ Ke6) 68. Rf8 Bd7+ 69. Kg3 Be8 {[#]} 70. b5 $1 {[%mdl 512]} axb5 $2 (70... cxb5 {keeps fighting.} 71. axb5 axb5) 71. axb5 {White is clearly winning.} cxb5 {[#]} 72. c6 $1 {[%mdl 512]} b4 (72... Bxc6 73. Rf6+) 73. c7 Bd7 74. c8=Q Bxc8 75. Rxc8 {KRB-KR} Rb7 76. Kf4 b3 77. Rg8+ Kh7 78. Rg1 {White threatens Kf5 and mate.} b2 79. Rb1 Kg6 80. Ke3 Kf5 81. Kd3 Rb5 82. Kc3 Rb7 83. Rxb2 Rh7 84. Re2 Re7 85. Kb4 {Accuracy: White = 63%, Black = 63%.} 1-0

[Event "World Team-ch Open 2019"]
[Site "Astana"]
[Date "2019.03.14"]
[Round "9.4"]
[White "Aravindh, Chithambaram VR."]
[Black "Andreikin, Dmitry"]
[Result "1/2-1/2"]
[WhiteElo "2599"]
[BlackElo "2725"]
[Annotator "TA"]
[PlyCount "60"]
[EventDate "2019.02.05"]
[EventType "team-tourn"]
[EventCountry "KAZ"]
[SourceTitle "playchess.com"]
[Source "ChessBase"]
[SourceQuality "1"]
[WhiteTeam "India"]
[BlackTeam "Russia"]
[WhiteTeamCountry "IND"]
[BlackTeamCountry "RUS"]

{[%evp 26,60,28,17,15,25,22,0,6,6,8,0,9,0,0,0,0,0,0,10,8,6,145,0,0,0,0,0,0,0,0,0,0,0,0,0,0]} 1. e4 c6 2. d4 d5 3. exd5 cxd5 4. Bd3 Nc6 5. c3 Nf6 6. Bf4 Bg4 7. Qb3 Qd7 8. Nd2 {[%cal Bb1d2,Bd2f3,Bf3e5][%mdl 32]} e6 9. Ngf3 Bd6 10. Bxd6 Qxd6 11. O-O O-O 12. Rae1 Bxf3 13. Nxf3 Rab8 {B13: Caro-Kann: Exchange Variation and Panov-Botvinnik Attack} (13... Qc7 14. Qc2 Rac8 15. Qe2 a6 16. g3 b5 17. a3 Rfe8 18. Kg2 Rb8 19. h4 h6 20. Rh1 Nd7 21. Bb1 {0-1 (51) Kovalev,V (2636)-Riazantsev,A (2666) Sochi 2017}) 14. Ne5 {LiveBook: 21 Games} Qc7 15. f4 {[%cal Bf2f4,Bf4f5][%mdl 32]} b5 {White has an edge.} 16. a3 a5 17. Qc2 $146 ({Predecessor:} 17. Qd1 b4 18. axb4 axb4 19. Re3 bxc3 20. bxc3 Rb2 21. Rh3 {½-½ (46) Peycheva,G (1676)-Asadi,M (1657) Al Ain 2013}) 17... Rfc8 18. Qf2 b4 19. axb4 axb4 20. f5 bxc3 21. bxc3 Re8 22. Qg3 Nxe5 23. dxe5 Nh5 (23... Qc5+ $11 {keeps the balance.} 24. Kh1 Ne4 25. Bxe4 dxe4) 24. Qe3 (24. Qg5 $16 {Threatens to win with fxe6.} exf5 25. Qxh5) 24... exf5 $11 {The position is equal.} 25. Rxf5 g6 26. Rxh5 $1 gxh5 27. Qg5+ Kh8 {Hoping for ...Rg8.} 28. Qf6+ Kg8 {[#] White must now prevent ...Qb6+.} 29. Qg5+ Kh8 {...Rg8 is the strong threat.} 30. Qf6+ Kg8 {Precision: White = 64%, Black = 67%.} 1/2-1/2

[Event "World Team-ch Open 2019"]
[Site "Astana"]
[Date "2019.03.14"]
[Round "9.5"]
[White "Adams, Michael"]
[Black "Grandelius, Nils"]
[Result "1-0"]
[WhiteElo "2708"]
[BlackElo "2694"]
[Annotator "TA"]
[PlyCount "93"]
[EventDate "2019.02.05"]
[EventType "team-tourn"]
[EventCountry "KAZ"]
[SourceTitle "playchess.com"]
[Source "ChessBase"]
[SourceQuality "1"]
[WhiteTeam "England"]
[BlackTeam "Sweden"]
[WhiteTeamCountry "ENG"]
[BlackTeamCountry "SWE"]

{[%evp 9,93,16,15,15,27,27,18,18,23,34,31,15,18,0,2,2,20,20,20,18,15,20,22,18,19,18,30,30,30,30,30,30,30,31,33,23,27,16,15,16,17,25,73,33,33,41,34,27,45,33,62,0,11,10,59,45,129,85,70,72,87,64,90,88,148,85,157,150,324,325,597,582,832,356,1210,1009,29978,29979,29979,29979,29982,29983,29980,29981,29991,29992]} 1. e4 c5 2. Nf3 d6 3. Bb5+ Nd7 4. a4 e6 5. Nc3 a6 6. Be2 {B51: Sicilian: Moscow Variation (3 Bb5+) without 3...Bd7} b6 7. d4 cxd4 8. Qxd4 {The position is equal.} Bb7 9. O-O Ngf6 10. Rd1 Be7 $146 ({Predecessor:} 10... Qc7 11. Be3 Be7 12. Nd2 Nc5 13. b4 {1-0 (36) Giri,A (2783)-Tsydypov,Z (2529) St Petersburg 2018}) 11. Be3 O-O 12. e5 Bxf3 13. exd6 ({Much weaker is} 13. gxf3 dxe5 14. Qc4 Qb8 $17) 13... Bxe2 14. Nxe2 Nd5 15. dxe7 Qxe7 16. Nc3 Nxe3 17. Qxe3 Rfd8 18. Nd5 Qf8 19. Nxb6 Nxb6 20. Qxb6 Rdb8 $1 {[%cal Rb8b6]} 21. Qd4 Rb4 $1 {[%cal Rb4d4]} 22. Qe5 Qc8 $1 23. Rd2 f6 24. Qe2 {Black must now prevent b3.} Rxb2 25. Rad1 Kh8 26. h3 (26. Rd7 {seems wilder.} h6 27. Qg4 Qg8 28. h3 Rxc2 29. R1d6) 26... h6 $1 27. Rd6 Rab8 28. R1d2 R2b6 29. Rd7 R6b7 30. R7d6 (30. Qxe6 $14 Rxd7 31. Rxd7 (31. Qxd7 Qxd7 32. Rxd7 Rb4 $11)) 30... Rb6 $1 $11 31. c4 Rxd6 32. Rxd6 {[%mdl 4096] Endgame KQR-KQR} e5 ({Black should try} 32... Rb1+ $14 33. Kh2 Rb6 {[%mdl 64] Decoy} 34. Rxb6 Qc7+ {[%mdl 64] Double Attack} 35. Kg1 Qxb6) 33. Qe4 a5 34. Rd5 Qc7 35. g3 Rc8 36. c5 Qb8 (36... Qe7 $142) 37. Qf5 (37. h4 $142) 37... Qb7 (37... Qa8 $142) 38. Rd6 $16 Qc7 $2 {[#]} (38... Qa8 $16 {was called for.}) 39. c6 $18 Qb8 $2 (39... Re8 40. Qg6 Rg8) 40. h4 Qc7 41. Qe6 (41. Qg4 $142 Rg8 42. Qd7) 41... Kh7 $2 (41... Qb8 42. Qg4 Qb1+ 43. Kg2 f5) 42. h5 Qb8 43. Rd7 {White mates.} Qb1+ 44. Kh2 Rf8 45. Qg4 {[%csl Gd7][%cal Rg4g7]} Rg8 46. c7 Qb6 {[#]} 47. Rxg7+ $1 {[%mdl 576] Promotion. Accuracy: White = 76%, Black = 38%.} 1-0

[Event "World Team-ch Open 2019"]
[Site "Astana"]
[Date "2019.03.14"]
[Round "9.6"]
[White "Blomqvist, Erik"]
[Black "McShane, Luke J"]
[Result "1/2-1/2"]
[WhiteElo "2488"]
[BlackElo "2661"]
[Annotator "TA"]
[PlyCount "135"]
[EventDate "2019.02.05"]
[EventType "team-tourn"]
[EventCountry "KAZ"]
[SourceTitle "playchess.com"]
[Source "ChessBase"]
[SourceQuality "1"]
[WhiteTeam "Sweden"]
[BlackTeam "England"]
[WhiteTeamCountry "SWE"]
[BlackTeamCountry "ENG"]

{[%evp 12,135,23,22,36,34,39,37,25,27,35,33,36,20,26,12,44,37,41,4,19,12,8,12,40,9,16,14,12,4,4,4,10,4,5,8,14,13,14,14,10,8,12,12,11,15,8,5,7,0,0,0,2,0,2,2,8,0,0,0,12,0,0,0,0,0,0,0,4,0,0,0,0,0,0,0,0,0,0,0,0,0,0,0,0,0,0,0,0,0,0,0,0,0,0,0,0,0,0,0,2,0,0,0,0,-4,-23,-28,-8,-55,-8,-8,-8,-8,0,0,0,0,0,0,0,0,0,0,0,0]} 1. e4 e5 2. Nf3 Nc6 3. Bb5 Nf6 4. O-O Nxe4 5. Re1 Nd6 6. Nxe5 Be7 7. Bf1 Nf5 {C67: Ruy Lopez: Berlin Defence: 4 0-0 Nxe4} 8. Nf3 d5 9. d4 O-O {White is slightly better.} 10. c3 Bd6 11. Bd3 Nfe7 $146 ({Predecessor:} 11... Re8 12. Rxe8+ Qxe8 13. Na3 Bxa3 14. bxa3 f6 15. Bf4 {0-1 (34) Hansen,E (2615)-So,W (2765) chess.com INT 2019}) 12. Qc2 Ng6 13. Nbd2 (13. Bg5 {feels hotter.} Qd7 14. h3 h6 15. Bd2 a6 16. a3) 13... Re8 (13... Qf6 {looks sharper.} 14. Nf1 h6 15. Be3 Bg4 16. N3d2 Be6) 14. Rxe8+ Qxe8 15. h3 Nce7 16. Nf1 Be6 17. Ng3 Qc8 18. Be3 Bxg3 19. fxg3 Bf5 20. g4 Bxd3 21. Qxd3 Qd7 22. Bf2 Re8 23. Re1 Nc8 24. Qf5 Rxe1+ 25. Nxe1 Nf8 26. Nd3 Ne7 27. Qxd7 Nxd7 $11 {[%mdl 4096] Endgame KBN-KNN} 28. Bg3 c6 29. a4 f6 30. a5 Kf7 31. Kf2 g5 32. Ke3 a6 33. Bc7 Ng6 34. b3 Ke6 35. Kf3 Ke7 36. Ke3 Ngf8 37. c4 Ng6 38. Bg3 Ke6 39. Bc7 Nh8 40. Bg3 Nf7 41. Bc7 Nh6 42. Ne1 Ke7 43. Nf3 Nf8 44. Kd3 Kd7 45. Bb8 Ng8 46. Bg3 Ne7 47. Be1 Ne6 48. g3 Ng7 49. Bb4 Ng6 50. Bd2 Nf8 51. h4 h6 52. Ne1 Ke6 53. Ke3 Nd7 54. Nd3 Kf7 55. Kf3 Kg6 56. cxd5 cxd5 57. Nb4 Ne6 58. Nxd5 (58. h5+ {with more complications.} Kf7 59. Ke3 Nc7 60. Kd3 Ke6 61. Nc2) 58... Nxd4+ 59. Ke4 $1 Nxb3 60. Bb4 Ne5 61. Ne7+ $1 {The position is equal.} Kf7 62. Nf5 $1 Nxg4 63. h5 $1 Ke6 64. Ng7+ Kf7 65. Nf5 Ke6 {[#] Hoping for ...Nf2+.} 66. Ng7+ Kf7 67. Nf5 Ke6 {Threatens to win with ...Nf2+.} 68. Ng7+ {Accuracy: White = 71%, Black = 79%.} 1/2-1/2

[Event "World Team-ch Open 2019"]
[Site "Astana"]
[Date "2019.03.14"]
[Round "9.7"]
[White "Howell, David W L"]
[Black "Smith, Axel"]
[Result "1-0"]
[WhiteElo "2693"]
[BlackElo "2487"]
[Annotator "TA"]
[PlyCount "81"]
[EventDate "2019.02.05"]
[EventType "team-tourn"]
[EventCountry "KAZ"]
[SourceTitle "playchess.com"]
[Source "ChessBase"]
[SourceQuality "1"]
[WhiteTeam "England"]
[BlackTeam "Sweden"]
[WhiteTeamCountry "ENG"]
[BlackTeamCountry "SWE"]

{[%evp 16,80,26,0,10,0,27,22,30,35,32,31,32,25,28,26,41,26,52,47,46,47,57,48,53,46,66,61,77,63,77,71,95,94,88,88,96,94,133,80,156,116,114,113,112,19,152,164,254,264,218,226,401,398,580,555,505,503,1561,921,2476,2444,2296,1953,29993,29994,29999]} 1. Nf3 c5 2. c4 Nf6 3. Nc3 Nc6 4. g3 e5 5. Bg2 d6 6. d3 {A34: Symmetrical English: 2 Nc3, lines with ...d5} Be7 7. Bg5 Ng8 8. Bd2 Nf6 9. Bg5 {LiveBook: 7 Games} Ng8 10. Bd2 Nf6 11. O-O O-O 12. a3 h6 $146 ({Predecessor:} 12... a5 13. Rb1 h6 14. Ne1 Be6 15. Nd5 a4 {0-1 (107) Shchekachev,A (2531)-Bogdanovich,S (2590) Berlin 2015}) 13. Ne1 Be6 14. Nd5 Qd7 15. b4 {[%cal Bb2b4,Bb4b5][%mdl 32]} Bd8 16. Bc3 Bh3 17. Nxf6+ Bxf6 18. b5 Ne7 19. e4 Bxg2 20. Nxg2 a6 21. a4 axb5 22. axb5 Rxa1 23. Qxa1 Ng6 24. f4 {[%cal Bf2f4,Bf4f5][%mdl 32]} Re8 25. f5 Ne7 26. h4 Nc8 27. Qd1 (27. Ne3 $142) 27... Kh7 (27... d5 $142) 28. Bd2 d5 29. cxd5 Qxb5 30. Qf3 (30. Be3 $16) 30... Qb2 (30... c4 $11) 31. Be3 $16 {Hoping for g4.} Qc3 (31... c4 $142) 32. g4 $18 {[%cal Bg3g4,Bg4g5,Bg5f6][%mdl 32]} Qxd3 33. g5 ({Stronger than} 33. Bxc5 Qxf3 34. Rxf3 Be7 $11) 33... Nd6 $2 (33... hxg5 34. hxg5 Bxg5) 34. gxf6 Qxe4 (34... Nxe4 $142 35. Rd1 Qb3) 35. Qh5 {[#] Black must now prevent fxg7.} Rg8 36. Rf2 Nc4 (36... Ne8 $142 37. fxg7 (37. Bxc5 Qxd5 38. Be7 Nxf6 $11) 37... Rxg7 38. Qxh6+ Kg8 39. Bxc5 f6) 37. Bc1 Qxd5 38. fxg7 Rxg7 39. Bxh6 e4 40. Bxg7+ Kg8 41. Qh8# {Precision: White = 75%, Black = 33%.} 1-0